000 00736nam a2200217Ia 4500
003 GCL
008 140319s9999 xx 000 0 ara d
020 _a0637269960
040 _aGCL /
_cGCL
082 0 4 _a240
_bز ا
100 1 _aالزاغونى، على بن عبيدالله
245 1 0 _aالايضاح فى اصول الدين /
_cالزاغونى، على بن عبيدالله
700 1 _aعصام السيد محمود
260 _aالرياض :
_bمركز الملك فيصل ،
_c2003
300 _a700 ص ؛
_c24 سم
490 _aمن أسباب نزول القرأن الكريم
_v0
650 0 4 _aالافتاء
650 0 4 _aالقضاء والقدر
650 0 4 _aاصول الدين
942 _2ddc
_cBK
999 _c58217
_d58217